00472nam a2200181 a 4500001001300000003000900013005001700022008004100039020000900080082001300089100001900102245004600121260004100167300000800208500003500216650002000251700001900271nice12345678IN_TiNIC20260116013219.0070829s1996 dela grp 000 0 eng  ac7500a115bTHA aThapar, Romila aTime as a Metaphor of History Early India aDelhibOxford University Pressc1996 a53p aincludes index and biblioraphy aTime-Philosophy1 aThapar, Romila